logo

Bir Sreshtho Munshi Abdur Rouf Library
Jhenaidah Cadet College

The Teaching of Geography in secondary Schools / (Record no. 4229)

MARC details
000 -LEADER
fixed length control field 00623nam a22002297a 4500
001 - CONTROL NUMBER
JCCL Control Number 4229
003 - CONTROL NUMBER IDENTIFIER
JCCL marc code BD-JhCC
005 - DATE AND TIME OF LATEST TRANSACTION
control field 20171125173724.0
008 - FIXED-LENGTH DATA ELEMENTS--GENERAL INFORMATION
fixed length control field 171125b xxu||||| |||| 00| 0 eng d
035 ## - SYSTEM CONTROL NUMBER
system control number (BD-JhCC)4229
040 ## - CATALOGING SOURCE
Original cataloging agency BD-JhCC
Modifying agency BD-JhCC
041 ## - LANGUAGE CODE
Language code of Book eng
082 ## - DEWEY DECIMAL CLASSIFICATION NUMBER
Classification number 910.0071242
Author mark and Year TEA 1935
245 ## - TITLE STATEMENT
Title The Teaching of Geography in secondary Schools /
Statement of responsibility, etc Cambridge University
260 ## - PUBLICATION, DISTRIBUTION, ETC. (IMPRINT)
Place of publication, distribution, etc Great Briitain
Name of publisher, distributor, etc Cambridge University
Date of publication, distribution, etc 1935
300 ## - PHYSICAL DESCRIPTION
Pagination 395. :
Other physical details ill. ;
Dimensions 21 cm.
650 ## - SUBJECT ADDED ENTRY--TOPICAL TERM
Topical term or geographic name as entry element Geography
650 ## - SUBJECT ADDED ENTRY--TOPICAL TERM
Topical term or geographic name as entry element Study and Teaching
710 ## - ADDED ENTRY--CORPORATE NAME
Corporate name or jurisdiction name as entry element Cambridge University
942 ## - ADDED ENTRY ELEMENTS (KOHA)
Source of classification or shelving scheme Dewey Decimal Classification
Koha item type Books
Holdings
Source of classification or shelving scheme Damaged status Not for loan Home library Current library Shelving location Date of accession Total Checkouts Full call number Barcode Date last seen Copy number Koha item type
Dewey Decimal Classification     JCC Rouf Library JCC Rouf Library General Stacks 11/25/2017   910.0071242 TEA 1935 5719 11/25/2017 C-1 Books

JCC Library | Contacts | JCC Home

Last Update on 23 September 2017
Copyright @ 2017-2020 JCC Rouf Library
Rouf Library, Jhenidah Cadet College (JCC), Bangladesh